[Event "Volgograd op"]
[Site "Volgograd"]
[Date "1996.??.??"]
[EventDate "?"]
[Round "2"]
[Result "0-1"]
[White "Natalia Pogonina"]
[Black "Irina Vasilevich"]
[WhiteElo "2501"]
[BlackElo "2329"]
[PlyCount "55"]

1.d4 d5 2.Nf3 Nf6 3.c4 c6 4.Nc3 dxc4 5.a4 a6 6.e3 e6 7.Bxc4
Bb4 8.O-O Nbd7 9.Qb3 Bxc3 10.bxc3 Nd5 11.Ba3 N7b6 12.Bxd5 exd5
13.Ne5 Bf5 14.a5 Nd7 15.Qxb7 Qc8 16.Qxc8+ Rxc8 17.Nxd7 Kxd7
18.Bc5 Rhe8 19.Ra2 Bd3 20.Rc1 Bb5 21.Re1 Re6 22.f3 Rce8 23.Kf2
f5 24.f4 g6 25.h3 h5 26.Ba3 Bd3 27.Rb2 Bb5 28.Rbb1 0-1

[Event "Volgograd op"]
[Site "Volgograd"]
[Date "1996.??.??"]
[EventDate "?"]
[Round "6"]
[Result "1-0"]
[White "Natalia Pogonina"]
[Black "Anastasia Sorokina"]
[WhiteElo "2501"]
[BlackElo "2094"]
[PlyCount "95"]

1.e4 e5 2.Nf3 Nf6 3.Bc4 d6 4.Ng5 d5 5.exd5 h6 6.Nf3 e4 7.Ne5
Qd6 8.d4 exd3 9.Nxd3 Nxd5 10.Qe2+ Be7 11.O-O Be6 12.Re1 Nc6
13.b3 Nd4 14.Qd2 O-O-O 15.Ba3 Bg5 16.f4 Bxf4 17.Nxf4 Qxf4
18.Bxd5 Qxd2 19.Bxe6+ Nxe6 20.Nxd2 Rxd2 21.c4 Rhd8 22.Bb4 R2d7
23.Rf1 Nd4 24.Bc5 Ne6 25.Bb4 c5 26.Bc3 Nd4 27.Rf2 f6 28.Kf1
Re8 29.Rd1 Nc6 30.Rc1 Ne5 31.Re1 Rde7 32.Bxe5 Rxe5 33.Rxe5
Rxe5 34.Rd2 Kc7 35.Kf2 g5 36.g4 b6 37.Kf3 Re1 38.Kg2 Re4
39.Kg3 Re5 40.Kf3 Re6 41.Rd5 Rd6 42.Ke4 Re6+ 43.Kf3 Re5 44.Rd2
f5 45.gxf5 Rxf5+ 46.Kg4 Rf4+ 47.Kh5 Rh4+ 48.Kg6 1-0

[Event "RUS-ch U12 Girls"]
[Site "St Petersburg"]
[Date "1997.??.??"]
[EventDate "?"]
[Round "3"]
[Result "1/2-1/2"]
[White "Natalia Pogonina"]
[Black "Irina Vasilevich"]
[WhiteElo "2501"]
[BlackElo "2329"]
[PlyCount "75"]

1.e4 c5 2.Nf3 Nc6 3.d4 cxd4 4.Nxd4 Nf6 5.Nc3 e6 6.Ndb5 Bb4
7.a3 Bxc3+ 8.Nxc3 d5 9.exd5 exd5 10.Bd3 O-O 11.O-O d4 12.Ne4
Nxe4 13.Bxe4 Qf6 14.Qh5 h6 15.f4 Re8 16.Bd3 Ne7 17.g4 g6
18.Qxh6 Bxg4 19.f5 Nxf5 20.Bxf5 Bxf5 21.Bg5 Qh8 22.Qxh8+ Kxh8
23.Bf6+ Kg8 24.Rf4 Re6 25.Bxd4 Bxc2 26.Rc1 Re4 27.Rxe4 Bxe4
28.Kf2 Bc6 29.Re1 a6 30.Bc3 Kh7 31.Re7 Rf8 32.Bb4 Kg7 33.Bc3+
Kh6 34.Bb4 f5 35.Rh7+ Kxh7 36.Bxf8 g5 37.Be7 Kg6 38.h4 1/2-1/2

[Event "RUS-ch U12 Girls"]
[Site "St Petersburg"]
[Date "1997.??.??"]
[EventDate "?"]
[Round "4"]
[Result "0-1"]
[White "Evgenia Meshcheriakova"]
[Black "Natalia Pogonina"]
[WhiteElo "2260"]
[BlackElo "2501"]
[PlyCount "76"]

1.e4 e5 2.Nf3 Nf6 3.Nxe5 d6 4.Nf3 Nxe4 5.Bc4 Be7 6.O-O O-O
7.d3 Nf6 8.h3 d5 9.Bb3 Nc6 10.Nc3 Bf5 11.Re1 h6 12.d4 Bb4
13.Ne2 Bxe1 14.Qxe1 Re8 15.Be3 Qd7 16.Ng3 Bh7 17.Qd2 Ne4
18.Nxe4 Bxe4 19.Nh2 Qe6 20.f3 Bxf3 21.Bxh6 Qxh6 22.Qxh6 gxh6
23.Nxf3 Rad8 24.Kf2 Na5 25.Ba4 c6 26.Ne5 f6 27.Ng4 Kg7 28.c3
Nc4 29.Bc2 h5 30.Nh2 Re7 31.Nf1 Kh6 32.Ng3 Nd6 33.b3 Rde8
34.c4 h4 35.Nf5+ Nxf5 36.Bxf5 Re2+ 37.Kf3 Kg5 38.Be4 R8xe4 0-1

[Event "RUS-ch U12 Girls"]
[Site "St Petersburg"]
[Date "1997.??.??"]
[EventDate "?"]
[Round "6"]
[Result "1/2-1/2"]
[White "Julia Komarishkina"]
[Black "Natalia Pogonina"]
[WhiteElo "2138"]
[BlackElo "2501"]
[PlyCount "161"]

1.d4 Nf6 2.Nf3 e6 3.c4 Bb4+ 4.Bd2 Bxd2+ 5.Qxd2 O-O 6.Nc3 d5
7.e3 Nbd7 8.Rc1 a6 9.cxd5 exd5 10.Bd3 Re8 11.O-O c6 12.Bb1 h6
13.Qc2 Qe7 14.Rfe1 Ne4 15.Nd2 f5 16.f3 Nxd2 17.Qxd2 Qg5 18.Qf2
Nf6 19.Rc2 Bd7 20.Rce2 Kh8 21.Na4 Rad8 22.Nc5 Bc8 23.Nd3 Nd7
24.Nf4 Nf8 25.Nd3 Ng6 26.Ne5 Nxe5 27.dxe5 Qh5 28.f4 Qf7 29.Rd2
Be6 30.a3 Qc7 31.Qg3 Kh7 32.Qh3 Qc8 33.g4 g6 34.g5 h5 35.Bc2
Qc7 36.Bd1 Kg7 37.Qf1 Qb6 38.Qf2 Rd7 39.b4 Rc8 40.Ba4 a5
41.Rb1 axb4 42.axb4 Ra8 43.Bc2 Ra3 44.Rd4 c5 45.bxc5 Qxc5
46.Bd3 Rc3 47.Qb2 Kf7 48.Kf2 Qc8 49.Kf3 Rcc7 50.Rb4 Re7 51.Rb6
Rc3 52.Ke2 Rcc7 53.h4 Red7 54.Kd2 Re7 55.Rd6 Rc6 56.Bb5 Rc5
57.Ra1 Rec7 58.Bd3 R5c6 59.Rxc6 bxc6 60.Ba6 Qd7 61.Rc1 c5
62.Qb5 Qe7 63.Qb8 Kg7 64.Rb1 Rd7 65.Rb7 Rxb7 66.Qxb7 Kf7
67.Qb6 Kg7 68.Qd6 Kf7 69.Qb8 Qd7 70.Bb5 Qe7 71.Qh8 c4 72.Qf6+
Qxf6 73.gxf6 Kf8 74.Kc3 Kf7 75.Bc6 Kf8 76.Ba4 Kf7 77.Kd4 Kf8
78.Bc2 Ke8 79.Kc5 Kd7 80.Ba4+ Kc7 81.Bc2 1/2-1/2

[Event "RUS-ch U16 Girls"]
[Site "St Petersburg"]
[Date "1998.??.??"]
[EventDate "?"]
[Round "?"]
[Result "1-0"]
[White "Natalia Pogonina"]
[Black "Ekaterina Korbut"]
[WhiteElo "2501"]
[BlackElo "2448"]
[PlyCount "57"]

1.e4 c5 2.Nf3 Nc6 3.d4 cxd4 4.Nxd4 g6 5.Nc3 Bg7 6.Be3 Nf6
7.Bc4 Qa5 8.O-O d6 9.h3 O-O 10.a3 Bd7 11.f4 Nxd4 12.Bxd4 Bc6
13.Qd3 Rad8 14.Ba2 e5 15.Be3 d5 16.exd5 Nxd5 17.Nxd5 Bxd5
18.Bxd5 Rxd5 19.Qc4 exf4 20.Bxf4 Bxb2 21.Rab1 Bd4+ 22.Kh1 b6
23.Rbd1 Rfd8 24.Bg5 R8d7 25.Qc8+ Kg7 26.Rxd4 Rf5 27.Rxf5 Qe1+
28.Kh2 gxf5 29.Qxd7 1-0

[Event "RUS-ch U16 Girls"]
[Site "St Petersburg"]
[Date "1998.??.??"]
[EventDate "?"]
[Round "?"]
[Result "1-0"]
[White "Natalia Pogonina"]
[Black "Irina Vasilevich"]
[WhiteElo "2501"]
[BlackElo "2329"]
[PlyCount "45"]

1.e4 c5 2.Nf3 e6 3.d4 cxd4 4.Nxd4 Nc6 5.Nc3 Qc7 6.Be2 a6 7.O-O
Nf6 8.Bg5 Be7 9.Nb3 O-O 10.f4 d6 11.a3 h6 12.Bh4 b5 13.Bg3 Bb7
14.Bd3 Rfd8 15.Qe2 e5 16.Nd5 Nxd5 17.exd5 Nb8 18.Qe4 Bf6
19.Rae1 Nd7 20.Qh7+ Kf8 21.Nd4 Ke8 22.Qg8+ Nf8 23.fxe5 1-0

[Event "RUS-ch U16 Girls"]
[Site "St Petersburg"]
[Date "1998.??.??"]
[EventDate "?"]
[Round "?"]
[Result "0-1"]
[White "Olga Druzhinina"]
[Black "Natalia Pogonina"]
[WhiteElo "2245"]
[BlackElo "2501"]
[PlyCount "122"]

1.Nf3 d5 2.d4 c6 3.c3 Nf6 4.Bf4 Bf5 5.e3 e6 6.Bd3 Bxd3 7.Qxd3
Bd6 8.Bxd6 Qxd6 9.O-O Nbd7 10.Nbd2 O-O 11.Ne1 c5 12.Rd1 Qb6
13.Qb1 cxd4 14.exd4 Qd6 15.Nd3 b5 16.Rfe1 a5 17.a3 Nb6 18.Re3
Nc4 19.Rh3 h6 20.f3 Nd7 21.Qc1 Rfe8 22.f4 Nf6 23.Re1 Nxd2
24.Qxd2 Ne4 25.Qe2 Rab8 26.Qg4 Nf6 27.Qh4 Ne4 28.Ne5 b4
29.axb4 axb4 30.c4 Ra8 31.c5 Qe7 32.Qh5 Qf6 33.Qf3 Rec8 34.g4
Ra7 35.Qe3 Rca8 36.c6 Qe7 37.Nd3 Rc7 38.Rc1 Rac8 39.Ne5 f6
40.Ng6 Qe8 41.f5 Rxc6 42.Rxc6 Rxc6 43.Qb3 Kh7 44.Qxb4 exf5
45.gxf5 Rc1+ 46.Kg2 Ng5 47.Qe7 Rc2+ 48.Kg3 Qxe7 49.Nxe7 Nxh3
50.Kxh3 Rxb2 51.Nxd5 Rd2 52.Nf4 Rxd4 53.Kg3 Kg8 54.Kf3 Kf7
55.h4 Ra4 56.h5 Ke7 57.Ne6 Kd6 58.Nxg7 Ke5 59.Kg3 Rf4 60.Ne8
Rxf5 61.Kh4 Rf1 0-1

[Event "RUS-ch U16 Girls"]
[Site "St Petersburg"]
[Date "1998.??.??"]
[EventDate "?"]
[Round "?"]
[Result "1/2-1/2"]
[White "Yana Melnikova"]
[Black "Natalia Pogonina"]
[WhiteElo "2288"]
[BlackElo "2501"]
[PlyCount "104"]

1.e4 e5 2.Nf3 Nf6 3.Nc3 Nc6 4.Bb5 Bb4 5.d3 d6 6.O-O O-O 7.Bg5
Bxc3 8.bxc3 Qe7 9.Nd2 Nd8 10.Bc4 Ne6 11.Bxe6 Qxe6 12.Qe2 h6
13.Bh4 Kh8 14.Bxf6 Qxf6 15.Nc4 Be6 16.Ne3 Rae8 17.Rab1 b6
18.c4 c6 19.a4 Rb8 20.Rb2 Rb7 21.Rfb1 Rfb8 22.Qd2 Qe7 23.c3
Qd7 24.f3 b5 25.cxb5 cxb5 26.axb5 Rxb5 27.c4 Rxb2 28.Rxb2 Qc7
29.Nd1 Rb6 30.Qa5 Qb7 31.Rxb6 axb6 32.Qb4 Qa6 33.Ne3 Qa1+
34.Kf2 Qd4 35.Ke2 Kh7 36.Qb1 g6 37.Nc2 Qc3 38.Nb4 f5 39.h3 f4
40.Nc6 Bxc4 41.Nxe5 dxe5 42.dxc4 Qxc4+ 43.Qd3 Qc7 44.Qd5 Kg7
45.Kd3 Kf6 46.Qc4 Qd6+ 47.Kc3 Qa3+ 48.Kc2 Qc5 49.Kb3 Ke7
50.Qg8 Qe3+ 51.Ka4 Qd4+ 52.Kb5 Qc5+ 1/2-1/2

[Event "EU-ch U14 Girls"]
[Site "Mureck"]
[Date "1998.07.08"]
[EventDate "?"]
[Round "2"]
[Result "1/2-1/2"]
[White "Natalia Pogonina"]
[Black "Maria De los Santos Honrubia"]
[WhiteElo "2501"]
[BlackElo "2025"]
[PlyCount "143"]

1.e4 c5 2.c3 d5 3.exd5 Qxd5 4.d4 Nf6 5.Nf3 Nc6 6.Be2 e6 7.O-O
Be7 8.h3 O-O 9.Be3 Rd8 10.Re1 a6 11.Nbd2 cxd4 12.cxd4 b5
13.Nb3 Nd7 14.Rc1 Bb7 15.a3 Rac8 16.Kh1 Bf6 17.Rc3 Ne7 18.Rxc8
Rxc8 19.Qd3 Qd6 20.Rc1 Rxc1+ 21.Nxc1 Qc7 22.Nb3 Nd5 23.Bd2 h6
24.Qb1 Ne7 25.Qc1 Qxc1+ 26.Bxc1 Bd5 27.Nc5 Nxc5 28.dxc5 Nc6
29.b4 Kf8 30.Kg1 Ke7 31.Kf1 Bc3 32.Bd1 Bc4+ 33.Be2 Bd5 34.Bd1
Kd7 35.g3 Bc4+ 36.Be2 Bd5 37.Bd1 Ke7 38.Ke2 Bc4+ 39.Ke3 a5
40.bxa5 Bxa5 41.Nd4 Kd7 42.Bb2 f6 43.Bf3 Nxd4 44.Bxd4 b4
45.axb4 Bxb4 46.c6+ Kc7 47.Ba7 Bd5 48.Bd4 Bxc6 49.Bxc6 Kxc6
50.Bb2 Kd5 51.f3 e5 52.g4 g6 53.Kd3 f5 54.gxf5 gxf5 55.Ke2 e4
56.fxe4+ Kxe4 57.Bc1 h5 58.Bg5 f4 59.Bxf4 Kxf4 60.Kf2 h4
61.Kg2 Bc5 62.Kh1 Bb4 63.Kg2 Bd2 64.Kf2 Bc3 65.Kg2 Ke3 66.Kg1
Kf3 67.Kh2 Be5+ 68.Kh1 Kg3 69.Kg1 Kxh3 70.Kh1 Kg3 71.Kg1 h3
72.Kh1 1/2-1/2

[Event "EU-ch U14 Girls"]
[Site "Mureck"]
[Date "1998.07.08"]
[EventDate "?"]
[Round "6"]
[Result "1-0"]
[White "Natalia Pogonina"]
[Black "Corinne Roelli"]
[WhiteElo "2501"]
[BlackElo "2009"]
[PlyCount "57"]

1.e4 c5 2.Nf3 e6 3.d4 cxd4 4.Nxd4 a6 5.Bd3 Nc6 6.Nxc6 bxc6
7.c4 d5 8.cxd5 cxd5 9.O-O Nf6 10.e5 Nd7 11.Bf4 Bc5 12.Qg4 Kf8
13.Nc3 Bd4 14.Qg3 Qc7 15.Rfe1 Rb8 16.Nxd5 Qa5 17.Ne3 Bxe3
18.Qxe3 Rxb2 19.Rec1 Bb7 20.Qd4 Qd5 21.Qxd5 exd5 22.Rc7 Ke7
23.Bf5 Bc8 24.Bg5+ f6 25.exf6+ gxf6 26.Re1+ Kd8 27.Rxd7+ Bxd7
28.Bxf6+ Kc7 29.Bxb2 1-0

[Event "Wch U14 Girls"]
[Site "Oropesa del Mar"]
[Date "1998.10.25"]
[EventDate "?"]
[Round "1"]
[Result "1/2-1/2"]
[White "Natalia Pogonina"]
[Black "Viktoria Bashkite"]
[WhiteElo "2501"]
[BlackElo "2159"]
[PlyCount "52"]

1.e4 e6 2.d4 d5 3.Nd2 c5 4.exd5 Qxd5 5.Ngf3 cxd4 6.Bc4 Qd6
7.O-O Nf6 8.Nb3 Nc6 9.Nbxd4 Nxd4 10.Qxd4 a6 11.Bf4 Qxd4
12.Nxd4 b5 13.Bb3 Bc5 14.Rad1 O-O 15.Bc7 Ra7 16.Ba5 Rd7 17.Nf3
Ne4 18.Rxd7 Bxd7 19.Ne5 Bc8 20.Nd3 Bb7 21.Nxc5 Nxc5 22.Bb4 Rc8
23.Bxc5 Rxc5 24.Rd1 Kf8 25.f3 Ke7 26.Kf2 Bc6 1/2-1/2

[Event "Wch U14 Girls"]
[Site "Oropesa del Mar"]
[Date "1998.10.25"]
[EventDate "?"]
[Round "6"]
[Result "0-1"]
[White "Natalia Pogonina"]
[Black "Lela Javakhishvili"]
[WhiteElo "2501"]
[BlackElo "2472"]
[PlyCount "100"]

1.e4 c5 2.Nf3 d6 3.d4 cxd4 4.Nxd4 e6 5.c4 b6 6.Nc3 Bb7 7.Bd3
Nf6 8.O-O Be7 9.b3 O-O 10.Bb2 Nbd7 11.Bc2 a6 12.f4 Re8 13.Qe2
Qc7 14.Kh1 Bf8 15.Rfe1 e5 16.Nf5 exf4 17.Qd2 Ne5 18.Qxf4 b5
19.Nd5 Nxd5 20.exd5 bxc4 21.Bxe5 dxe5 22.Qxc4 Qd8 23.Rad1 g6
24.Ne3 Bd6 25.Qa4 f5 26.Nc4 e4 27.Nxd6 Qxd6 28.b4 Re5 29.Bb3
Kg7 30.Qa5 Rd8 31.h3 e3 32.Qc5 f4 33.Rd4 g5 34.Kg1 Re7 35.Qxd6
Rxd6 36.Kf1 Kf6 37.Ke2 Red7 38.Rc1 Ke5 39.Rdd1 Bxd5 40.Bxd5
Rxd5 41.Rxd5+ Rxd5 42.Rc2 Ke4 43.a3 h5 44.Rc4+ Rd4 45.Rc8 Rd2+
46.Kf1 g4 47.hxg4 hxg4 48.Rg8 Kd3 49.Rd8+ Kc2 50.Rc8+ Kd1 0-1

[Event "Wch U14 Girls"]
[Site "Oropesa del Mar"]
[Date "1998.10.25"]
[EventDate "?"]
[Round "7"]
[Result "0-1"]
[White "Natalia Pogonina"]
[Black "Vesna Djuric"]
[WhiteElo "2501"]
[BlackElo "2070"]
[PlyCount "84"]

1.e4 c5 2.Nf3 Nc6 3.d4 cxd4 4.Nxd4 Qc7 5.Nc3 e6 6.Be2 a6 7.O-O
Nf6 8.Be3 Bb4 9.Na4 O-O 10.Nxc6 bxc6 11.Nb6 Rb8 12.Nxc8 Rfxc8
13.Bxa6 Rf8 14.Bd3 Bd6 15.g3 Rxb2 16.Bd4 Rbb8 17.f4 e5 18.Be3
Qa5 19.a4 Bc5 20.Bxc5 Qxc5+ 21.Kh1 Ra8 22.Qe2 Ra5 23.Ra2 Rfa8
24.Rfa1 Qb4 25.Kg2 exf4 26.gxf4 Rxa4 27.Rxa4 Rxa4 28.c3 Qa5
29.Qb2 Kf8 30.Qb8+ Ne8 31.Rxa4 Qxa4 32.Qb4+ Qxb4 33.cxb4 Nc7
34.Kf3 Ke7 35.Ke3 f5 36.Bc4 fxe4 37.Bg8 Nd5+ 38.Kd4 Nxb4
39.Ke5 Nd5 40.Kd4 h6 41.f5 Kf6 42.Kc5 Kxf5 0-1

[Event "Wch U14 Girls"]
[Site "Oropesa del Mar"]
[Date "1998.10.25"]
[EventDate "?"]
[Round "11"]
[Result "1/2-1/2"]
[White "Natalia Pogonina"]
[Black "Barbara Farhat"]
[WhiteElo "2501"]
[BlackElo "2095"]
[PlyCount "90"]

1.e4 c5 2.Nf3 d6 3.d4 cxd4 4.Nxd4 Nf6 5.Nc3 g6 6.Be3 Bg7 7.f3
O-O 8.Bc4 Nc6 9.Qd2 Bd7 10.h4 h5 11.O-O-O Qa5 12.Kb1 Rac8
13.Bb3 Ne5 14.Bg5 Nc4 15.Bxc4 Rxc4 16.Bxf6 Bxf6 17.Nd5 Qxd2
18.Nxf6+ exf6 19.Rxd2 Rfc8 20.Rhd1 Kf8 21.b3 Rc3 22.Ne2 R3c6
23.Rxd6 Rxc2 24.Nd4 R2c7 25.Rxf6 Ke7 26.e5 Rc5 27.f4 Bg4
28.Rd2 Rd8 29.Kb2 Rcd5 30.Kc3 Rc8+ 31.Kd3 Rcd8 32.Ke3 Ke8
33.g3 R8d7 34.b4 Rc7 35.Rd6 Rd7 36.Rxd5 Rxd5 37.Nb3 Be6 38.a3
Rxd2 39.Nxd2 Kd7 40.Ne4 Kc6 41.Kd4 b6 42.Nd6 a6 43.Nc4 Kb5
44.Nb2 a5 45.bxa5 Kxa5 1/2-1/2

[Event "RUS-Cup"]
[Site "Nizhnij Novgorod"]
[Date "1999.??.??"]
[EventDate "?"]
[Round "1"]
[Result "0-1"]
[White "Natalia Pogonina"]
[Black "Ilya Korobov"]
[WhiteElo "2501"]
[BlackElo "2386"]
[PlyCount "80"]

1.e4 c5 2.Nf3 d6 3.d4 cxd4 4.Nxd4 Nf6 5.Nc3 g6 6.Be3 Bg7 7.f3
O-O 8.Qd2 Nc6 9.Bc4 Bd7 10.O-O-O Ne5 11.Bb3 Rc8 12.h4 h5
13.Bg5 Rc5 14.g4 hxg4 15.f4 Nc4 16.Qe2 Na5 17.e5 Nxb3+ 18.Nxb3
Rxc3 19.bxc3 Bc6 20.exd6 exd6 21.Rhf1 Qc8 22.Bxf6 Bxf6 23.Rxd6
Bf3 24.Qd3 Qxc3 25.Qxc3 Bxc3 26.Nd2 Be2 27.Rg1 Re8 28.Nb1 Ba5
29.Nd2 Bc7 30.Rd7 Bxf4 31.c3 Bf3 32.Kc2 Re2 33.Rf1 Kf8 34.Rd3
Be3 35.Rxe3 Rxe3 36.Rg1 f5 37.c4 Bc6 38.Rf1 g3 39.Kd1 g2
40.Rg1 f4 0-1

[Event "RUS-Cup"]
[Site "Nizhnij Novgorod"]
[Date "1999.??.??"]
[EventDate "?"]
[Round "7"]
[Result "0-1"]
[White "Natalia Pogonina"]
[Black "Alexander Bratchenko"]
[WhiteElo "2501"]
[BlackElo "2381"]
[PlyCount "94"]

1.c4 g6 2.Nf3 Bg7 3.g3 c5 4.Bg2 Nc6 5.O-O e6 6.Nc3 Nge7 7.e3
d5 8.cxd5 exd5 9.d4 cxd4 10.exd4 O-O 11.Be3 Be6 12.Qd2 Nf5
13.Rad1 Qa5 14.a3 Rfd8 15.Rfe1 h6 16.Qd3 Rac8 17.h3 a6 18.Ra1
Nxe3 19.Qxe3 Qb6 20.Na4 Qb5 21.Nc3 Qxb2 22.Reb1 Qc2 23.Ra2 Qf5
24.Rxb7 Na5 25.g4 Qf6 26.Rb1 Nc4 27.Qe1 Bf8 28.a4 a5 29.Nb5
Bb4 30.Qd1 Bd7 31.Qd3 Qf4 32.Rd1 h5 33.gxh5 Bf5 34.Qb3 gxh5
35.Ne5 Nxe5 36.dxe5 d4 37.Qg3+ Qxg3 38.fxg3 d3 39.Nd6 Bxd6
40.exd6 Rxd6 41.Bf1 Rc2 42.Ra3 d2 43.Raa1 Rc3 44.Be2 Rxg3+
45.Kf2 Rxh3 46.Bf1 Rc3 47.Be2 Bg4 0-1

[Event "RUS-ch U16 Girls"]
[Site "Serpukhov"]
[Date "1999.??.??"]
[EventDate "?"]
[Round "5"]
[Result "1-0"]
[White "Natalia Pogonina"]
[Black "Elizaveta Borisova"]
[WhiteElo "2501"]
[BlackElo "2211"]
[PlyCount "83"]

1.e4 d6 2.d4 Nf6 3.Nc3 g6 4.f4 Bg7 5.Nf3 c5 6.d5 O-O 7.Bc4 a6
8.a4 b6 9.h3 Bd7 10.O-O Ra7 11.Bd2 Rb7 12.Qe2 b5 13.axb5 axb5
14.Bxb5 Bxb5 15.Nxb5 Nh5 16.Kh2 Bxb2 17.Rab1 Bg7 18.c4 Nd7
19.g4 Nhf6 20.e5 dxe5 21.fxe5 Ne8 22.Kg2 Nb6 23.Qe4 Qb8 24.Bc3
Na4 25.Ba5 Qa8 26.Bd2 Qc8 27.Ra1 Nb6 28.Ra7 Rxa7 29.Nxa7 Qa6
30.Nb5 Qa2 31.Rc1 Qa8 32.Qe3 Qc8 33.Na7 Qa6 34.Nc6 Nxc4 35.Qe2
e6 36.Ne7+ Kh8 37.Qxc4 Qb7 38.d6 Bxe5 39.Bc3 Bxc3 40.Rxc3 f6
41.Qxc5 Qd7 42.Nc8 1-0

[Event "RUS-ch U16 Girls"]
[Site "Serpukhov"]
[Date "1999.??.??"]
[EventDate "?"]
[Round "7"]
[Result "1/2-1/2"]
[White "Natalia Pogonina"]
[Black "Luiza Khusnutdinova"]
[WhiteElo "2501"]
[BlackElo "2230"]
[PlyCount "84"]

1.e4 c6 2.d4 d5 3.Nc3 dxe4 4.Nxe4 Nd7 5.Nf3 Ngf6 6.Nxf6+ Nxf6
7.Ne5 Be6 8.Be2 g6 9.c4 Bg7 10.O-O O-O 11.Be3 Nd7 12.f4 Nxe5
13.fxe5 f6 14.exf6 exf6 15.Qb3 Qd7 16.Rad1 Bf7 17.d5 cxd5
18.cxd5 a6 19.Bb6 f5 20.a4 Qd6 21.a5 Be5 22.h3 Rac8 23.Bf3
Rfe8 24.Rfe1 Bh2+ 25.Kh1 Rxe1+ 26.Rxe1 Bg3 27.Rd1 Be8 28.Qe3
Ba4 29.Rc1 Re8 30.Qd4 Bb5 31.b4 Bf4 32.Bc5 Qe5 33.Qxe5 Rxe5
34.Rd1 Re8 35.d6 Ba4 36.Ra1 Bb5 37.Bxb7 Rd8 38.Rd1 Kf7 39.g4
fxg4 40.hxg4 Ke6 41.Re1+ Kf6 42.Rd1 Ke6 1/2-1/2

[Event "RUS-ch U14 Girls"]
[Site "Nizhnij Novgorod"]
[Date "1999.??.??"]
[EventDate "?"]
[Round "?"]
[Result "1-0"]
[White "Natalia Pogonina"]
[Black "Iulia Gromova"]
[WhiteElo "2501"]
[BlackElo "2227"]
[PlyCount "91"]

1.e4 c6 2.d4 d5 3.Nc3 dxe4 4.Nxe4 Bf5 5.Ng3 Bg6 6.h4 h6 7.Nf3
Nd7 8.h5 Bh7 9.Bd3 Bxd3 10.Qxd3 e6 11.Bd2 Ngf6 12.O-O-O Qc7
13.Ne4 Nxe4 14.Qxe4 Nf6 15.Qe2 O-O-O 16.g3 Bd6 17.c4 c5 18.Bc3
Rhe8 19.Kb1 Kb8 20.dxc5 Qxc5 21.Bd4 Qf5+ 22.Ka1 Nxh5 23.Nh4
Qg5 24.Be3 Qe5 25.Rxd6 Qxd6 26.Qxh5 f6 27.Rc1 e5 28.Nf5 Qd7
29.Qg6 Rg8 30.a3 h5 31.Nh4 Qg4 32.Qc2 g6 33.Qa4 a6 34.Ng2 g5
35.Ne1 h4 36.gxh4 gxh4 37.f3 Qh5 38.c5 h3 39.c6 Rg7 40.Qa5 Rc8
41.Qb6 h2 42.Qa7+ Kc7 43.cxb7+ Kd6 44.Qb6+ Ke7 45.bxc8=Q Qe8
46.Qbe6+ 1-0

[Event "RUS-ch U14 Girls"]
[Site "Nizhnij Novgorod"]
[Date "1999.??.??"]
[EventDate "?"]
[Round "?"]
[Result "1-0"]
[White "Natalia Pogonina"]
[Black "Ekaterina Korbut"]
[WhiteElo "2501"]
[BlackElo "2448"]
[PlyCount "43"]

1.e4 b6 2.Nf3 Bb7 3.Nc3 e6 4.d4 Bb4 5.Bd3 Nf6 6.Bg5 h6 7.Bxf6
Qxf6 8.O-O Bxc3 9.bxc3 Nc6 10.Qe2 O-O 11.e5 Qf4 12.Nd2 Na5
13.Ne4 Qh4 14.f4 Rad8 15.Rf3 f5 16.exf6 Bxe4 17.Qxe4 Rxf6
18.Qh7+ Kf7 19.Rh3 Qxf4 20.Rf3 Qh4 21.Bg6+ Kf8 22.Qh8+ 1-0

[Event "Saratov Aratovsky mem"]
[Site "Saratov"]
[Date "1999.??.??"]
[EventDate "?"]
[Round "3"]
[Result "0-1"]
[White "Natalia Pogonina"]
[Black "Mihail Rodin"]
[WhiteElo "2501"]
[BlackElo "2343"]
[PlyCount "68"]

1.e4 e5 2.Nf3 Nc6 3.Bb5 a6 4.Bxc6 dxc6 5.O-O Ne7 6.Nxe5 Qd4
7.Nf3 Qxe4 8.Nc3 Qg6 9.Ne5 Qf5 10.d4 h5 11.Be3 Be6 12.Qe2
O-O-O 13.b4 h4 14.a4 f6 15.Nd3 Bc4 16.Rfb1 h3 17.g3 g5 18.b5
Nd5 19.Nd1 Re8 20.bxc6 bxc6 21.Qd2 Bb4 22.Rxb4 Nxb4 23.Qxb4
Qf3 24.Ne1 Qe2 25.Nd3 Bxd3 26.cxd3 f5 27.Qa5 Rhf8 28.d5 f4
29.d6 cxd6 30.Qxa6+ Kd7 31.Qb7+ Ke6 32.Qb3+ Kf5 33.Qc3 fxe3
34.Nxe3+ Rxe3 0-1

[Event "Saratov Aratovsky mem"]
[Site "Saratov"]
[Date "1999.??.??"]
[EventDate "?"]
[Round "6"]
[Result "0-1"]
[White "Natalia Pogonina"]
[Black "Mikhail Nedochetov"]
[WhiteElo "2501"]
[BlackElo "2322"]
[PlyCount "88"]

1.e4 e6 2.d4 d5 3.Nd2 c5 4.exd5 Qxd5 5.Ngf3 cxd4 6.Bc4 Qd6
7.O-O Nf6 8.Nb3 Nc6 9.Nbxd4 Nxd4 10.Qxd4 Qxd4 11.Nxd4 Bd7
12.Rd1 Rc8 13.Bb3 Bc5 14.Bf4 O-O 15.h3 Rfd8 16.Rd3 Bb6 17.Rad1
Ne4 18.Be3 Nc5 19.Nxe6 Bxe6 20.Rxd8+ Bxd8 21.Bxc5 Bf6 22.Bxa7
Bxb2 23.Bb6 Bf6 24.Be3 h6 25.a4 Bf5 26.c4 Be6 27.Rc1 Bb2
28.Rc2 Ba3 29.g4 Rd8 30.Rd2 Rc8 31.Rc2 Rd8 32.Bd2 Rd3 33.Ba2
Rxh3 34.Kg2 Bxg4 35.Be3 Bd6 36.c5 Rh2+ 37.Kf1 Bf3 38.Ke1 Be5
39.Kd2 Rh1 40.Kd3 h5 41.a5 Rd1+ 42.Bd2 Bf4 43.Kc3 Bc7 44.Kb4
h4 0-1

[Event "Saratov Aratovsky mem"]
[Site "Saratov"]
[Date "1999.??.??"]
[EventDate "?"]
[Round "8"]
[Result "1/2-1/2"]
[White "Natalia Pogonina"]
[Black "Anton Kuzin"]
[WhiteElo "2501"]
[BlackElo "2441"]
[PlyCount "80"]

1.e4 c6 2.d4 d5 3.Nc3 dxe4 4.Nxe4 Bf5 5.Ng3 Bg6 6.h4 h6 7.h5
Bh7 8.Nf3 Nd7 9.Bd3 Bxd3 10.Qxd3 Qc7 11.Bd2 Ngf6 12.O-O-O
O-O-O 13.Ne4 e6 14.g3 Nxe4 15.Qxe4 Nf6 16.Qe2 Bd6 17.c4 Qe7
18.Kb1 Rhe8 19.Ba5 Bc7 20.Bc3 Kb8 21.Ne5 Bxe5 22.dxe5 Nd7
23.Qg4 Qg5 24.Qxg5 hxg5 25.h6 gxh6 26.Rxh6 Nc5 27.Rxd8+ Rxd8
28.f3 g4 29.Bb4 b6 30.Bxc5 bxc5 31.fxg4 Rg8 32.Rf6 Rxg4
33.Rxf7 Re4 34.Re7 Rxe5 35.Kc2 Re4 36.Kd3 Rg4 37.Rxe6 Rxg3+
38.Re3 Rg2 39.Re2 Rg3+ 40.Re3 Rg2 1/2-1/2

[Event "Zeleny Shum-C"]
[Site "Zeleny Shum"]
[Date "2000.??.??"]
[EventDate "?"]
[Round "1"]
[Result "0-1"]
[White "Natalia Pogonina"]
[Black "Andrey Denisov"]
[WhiteElo "2501"]
[BlackElo "2201"]
[PlyCount "117"]

1.e4 e5 2.Nf3 Nc6 3.Bb5 a6 4.Bxc6 dxc6 5.O-O Bg4 6.h3 h5 7.d3
Qf6 8.Be3 Bxf3 9.Qxf3 Qxf3 10.gxf3 Bd6 11.Nd2 Ne7 12.Nc4 f6
13.f4 exf4 14.Nxd6+ cxd6 15.Bxf4 Rd8 16.d4 Kf7 17.Rae1 Ng6
18.Bg3 Rhe8 19.Re3 d5 20.exd5 Rxd5 21.Rfe1 Re7 22.c3 Rdd7
23.Kg2 f5 24.Kf3 Rxe3+ 25.fxe3 Nf8 26.e4 fxe4+ 27.Rxe4 Ne6
28.Re5 g6 29.Ke4 Kf6 30.Bh4+ Kf7 31.Bf2 Kf6 32.Be3 g5 33.c4
Re7 34.b4 b5 35.c5 g4 36.hxg4 hxg4 37.Rf5+ Kg6 38.Re5 Kf6
39.Rf5+ Kg6 40.Re5 Kf7 41.Kf5 g3 42.Kg4 g2 43.Kg3 Nc7 44.Kxg2
Rxe5 45.dxe5 Nd5 46.Kf3 Nxb4 47.a3 Nd5 48.Bd2 Ke6 49.Ke4 Ne7
50.Ba5 Ng6 51.Bc7 Nf8 52.Bd6 Nd7 53.Kf4 a5 54.Ke4 a4 55.Kd4
Kf5 56.Bc7 Nf8 57.Bd6 Ne6+ 58.Kd3 Kf4 59.Be7 0-1

[Event "Zeleny Shum-C"]
[Site "Zeleny Shum"]
[Date "2000.??.??"]
[EventDate "?"]
[Round "5"]
[Result "0-1"]
[White "Natalia Pogonina"]
[Black "Zurab Igriashvili"]
[WhiteElo "2501"]
[BlackElo "2286"]
[PlyCount "98"]

1.e4 g6 2.d4 Bg7 3.Nc3 c5 4.Nf3 Qa5 5.Be3 Nf6 6.Qd2 d6 7.O-O-O
O-O 8.Bh6 Bg4 9.Bxg7 Kxg7 10.Be2 Bxf3 11.gxf3 cxd4 12.Qxd4 Nc6
13.Qe3 Rfd8 14.Bc4 e6 15.Bb3 Rac8 16.Ne2 Qe5 17.Ng3 Na5 18.Kb1
Nxb3 19.Qxb3 d5 20.Qe3 d4 21.Qd2 Rc6 22.f4 Qb5 23.f5 e5 24.h4
Rdc8 25.Rc1 Rb6 26.b3 Qb4 27.Qxb4 Rxb4 28.f3 Rc3 29.Rhf1 Rb5
30.Rcd1 Rbc5 31.Rd2 Re3 32.fxg6 hxg6 33.Ne2 Nh5 34.Rf2 b5
35.a3 a5 36.Kb2 Rc6 37.Rd1 Rf6 38.Rdf1 Kh6 39.Kc1 Nf4 40.Ng1
a4 41.bxa4 bxa4 42.Kb2 Rc6 43.Ra1 Kh5 44.Rh2 Rcc3 45.Ra2 Re1
46.Ra1 Rxa1 47.Kxa1 Rxa3+ 48.Kb2 Re3 49.Ka2 a3 0-1

[Event "Zeleny Shum-C"]
[Site "Zeleny Shum"]
[Date "2000.??.??"]
[EventDate "?"]
[Round "10"]
[Result "0-1"]
[White "Natalia Pogonina"]
[Black "Sergey Perun"]
[WhiteElo "2501"]
[BlackElo "2345"]
[PlyCount "100"]

1.e4 c5 2.Nf3 e6 3.d4 cxd4 4.Nxd4 Nc6 5.Nc3 d6 6.Be2 Nf6 7.Be3
Be7 8.O-O O-O 9.Kh1 Nxd4 10.Bxd4 e5 11.Be3 Be6 12.f4 exf4
13.Bxf4 Qb6 14.Rb1 Qc5 15.Qd3 Nd7 16.Nd5 Bxd5 17.exd5 Bf6
18.b4 Qc7 19.c4 Be5 20.Bg5 b6 21.Bg4 Rae8 22.Qh3 Nb8 23.Rbc1
g6 24.Bh6 Bg7 25.Bxg7 Kxg7 26.Qc3+ Kg8 27.c5 bxc5 28.bxc5 Qxc5
29.Qxc5 dxc5 30.Rxc5 Rd8 31.Rd1 Rd6 32.Rc7 a6 33.Kg1 Rfd8
34.Bf3 Nd7 35.Re1 Nf6 36.Rc6 g5 37.g3 Kf8 38.Kf2 g4 39.Bg2
Nxd5 40.Bxd5 Rxd5 41.Rxa6 Rh5 42.Kg1 Rd2 43.Ra8+ Kg7 44.Ree8
Rc5 45.Rac8 Rb5 46.Rb8 Rxb8 47.Rxb8 Rxa2 48.Rb4 h5 49.Rb5 Kg6
50.Rb6+ f6 0-1

[Event "EU-ch U16 Girls"]
[Site "Chalkidiki"]
[Date "2000.10.02"]
[EventDate "?"]
[Round "1"]
[Result "1-0"]
[White "Natalia Pogonina"]
[Black "Georgia Grapsa"]
[WhiteElo "2501"]
[BlackElo "2050"]
[PlyCount "81"]

1.e4 c5 2.Nf3 d6 3.d4 cxd4 4.Nxd4 Nf6 5.Nc3 a6 6.Be2 e5 7.Nb3
Be7 8.O-O O-O 9.f4 b5 10.a3 Bb7 11.Bf3 Nbd7 12.f5 Rc8 13.Kh1
Nb6 14.Qe2 Qc7 15.Rb1 Nc4 16.Nd1 d5 17.exd5 Nxd5 18.c3 Rfe8
19.Nf2 Nf6 20.Bxb7 Qxb7 21.Bg5 e4 22.Bxf6 Bxf6 23.Qh5 g6
24.fxg6 hxg6 25.Qe2 Bg7 26.Nh3 Ne5 27.Nd4 Nd3 28.Nc2 Qe7
29.Nb4 Nc5 30.Qe3 Rcd8 31.Rbd1 Rxd1 32.Rxd1 Rc8 33.Nf2 f5
34.Nh3 a5 35.Nd5 Qb7 36.Qg5 Kf7 37.Nhf4 Rc6 38.Nxg6 Rxg6
39.Qxf5+ Bf6 40.Nxf6 Rxf6 41.Qxc5 1-0